00278nam a2200121Ia 4500008004100000100001500041245003000056260002000086300000800106650001800114942000700132999001700139190216s9999||||xx |||||||||||||| ||und|| aShivakumar 0aOne Act Plays Of Our Time bMacmillanc1977 a131 aEnglish Drama cBK c13020d13020